[Event "Challenge"]
[Site "http://www.queenalice.com/game.php?id=1302447"]
[Date "2014.8.18"]
[Round "-"]
[White "brunosilva_"]
[Black "vanderlan"]
[Result "0-1"]
[WhiteElo "1579"]
[BlackElo "1500"]

1. e4 e5 2. Nf3 Nc6 3. Bc4 Nf6 4. Nc3 d6 5. d3 Bg4 6. h3 Bh5 7. Be3 Be7 8. d4
exd4 9. Bxd4 O-O 10. g4 Bg6 11. Be3 Nxe4 12. Nxe4 Bxe4 13. O-O Kh8 14. Re1 f5
15. Nd4 Nxd4 16. Bxd4 c5 17. gxf5 Bxf5 18. Bxc5 dxc5 19. Qxd8 Bxd8 20. Bd3 Bxh3
21. Re3 Bd7 22. Rae1 Bh4 23. R1e2 Bg4 24. f3 Bxf3 25. Re1 Bxe1 26. Rxe1 Rf6 27.
Bb5 h5 28. Bd3 h4 29. Kh2 g5 30. Kh3 Rh6 31. a4 g4+ 32. Kh2 h3 33. Re7 g3+ 34.
Kxg3 h2 35. Re1 h1=R 36. Rxh1 Bxh1 37. c4 Rf8 38. Kg4 Rh2 39. Kg3 Rg2+ 40. Kh3
Kg7 41. Kh4 Rh8+ 42. Bh7 Rxh7# 0-1

[Event "Friends"]
[Site "http://www.queenalice.com/game.php?id=1302731"]
[Date "2014.8.20"]
[Round "-"]
[White "brunosilva_"]
[Black "felipeborba"]
[Result "0-1"]
[WhiteElo "1482"]
[BlackElo "1427"]

1. e4 e5 2. Nf3 Nc6 3. Bc4 Nf6 4. d3 d5 5. exd5 Nxd5 6. O-O Be7 7. Bb5 Bd7 8.
Qe2 Nf4 9. Qe4 Bd6 10. Bxf4 O-O 11. Ng5 g6 12. Be3 f5 13. Qd5+ Kg7 14. Nc3 f4
15. Bc5 Qxg5 16. Bxd6 Bh3 17. Bxf8+ Rxf8 18. Rfe1 Rf5 19. g3 fxg3 20. hxg3 Ne7
21. Qxb7 c5 22. Nd5 Rf7 23. Bc4 Nf5 24. Nc7 Nxg3 25. Bd5 Ne2+ 26. Kh2 Qh5 27.
Rxe2 Bg4+ 28. Kg3 Qh3# 0-1

[Event "Challenge"]
[Site "http://www.queenalice.com/game.php?id=1305686"]
[Date "2014.9.2"]
[Round "-"]
[White "lucianoantunes100"]
[Black "brunosilva_"]
[Result "1-0"]
[WhiteElo "1401"]
[BlackElo "1417"]

1. e4 e5 2. Nf3 Nc6 3. c3 Nf6 4. Qa4 d6 5. d4 Nxe4 6. d5 Bd7 7. Qxe4 Ne7 8. Bc4
Bf5 9. Qe3 Qd7 10. O-O O-O-O 11. Qxa7 Qe8 12. Qa8+ Kd7 13. Qxb7 g6 14. Bb5+ Nc6
15. Bxc6+ Ke7 16. Bxe8 Kxe8 17. Qxc7 Bd3 18. Re1 f6 19. Re3 e4 20. Nd4 f5 21.
Nd2 Bh6 22. Re1 Rd7 23. Qc8+ Rd8 24. Qe6+ Kf8 25. Qf6+ Ke8 26. Qxh8+ Kd7 27.
Qxh7+ 1-0

[Event "revanche"]
[Site "http://www.queenalice.com/game.php?id=1305920"]
[Date "2014.9.3"]
[Round "-"]
[White "brunosilva_"]
[Black "vanderlan"]
[Result "0-1"]
[WhiteElo "1483"]
[BlackElo "1875"]

1. e4 e5 2. Nf3 Nc6 3. Bc4 Bc5 4. d3 Nf6 5. Nc3 d6 6. O-O Bg4 7. h3 Bh5 8. Bg5
Nd4 9. g4 Bg6 10. h4 Qd7 11. Nh2 h6 12. Bxf6 gxf6 13. h5 Bxh5 14. gxh5 Rg8+ 15.
Kh1 O-O-O 16. Rg1 f5 17. f4 Rxg1+ 18. Qxg1 Nxc2 19. Qc1 Nxa1 20. Qxa1 Rg8 21.
Nf3 fxe4 22. Nxe4 Qh3+ 23. Nh2 Qg2# 0-1

[Event "Challenge"]
[Site "http://www.queenalice.com/game.php?id=1306306"]
[Date "2014.9.6"]
[Round "-"]
[White "Aldino"]
[Black "brunosilva_"]
[Result "1-0"]
[WhiteElo "2161"]
[BlackElo "1365"]

1. e4 e5 2. Nf3 Nc6 3. Bb5 Nf6 4. d3 Bc5 5. Bxc6 dxc6 6. h3 O-O 7. Nxe5 Re8 8.
Bf4 Qd4 9. O-O Rxe5 10. c3 Qd6 11. Bxe5 Qxe5 12. d4 Bxd4 13. cxd4 Qxe4 14. f3
Qe3+ 15. Rf2 Bf5 16. Nc3 Rd8 17. Qe2 Qxe2 18. Nxe2 h6 19. Rd1 Be6 20. a3 c5 21.
Nf4 cxd4 22. b4 g5 23. Nxe6 fxe6 24. Rfd2 e5 25. Re1 Rd5 26. Rc1 c6 27. Rc5 Rxc5
28. bxc5 Nd7 29. Rc2 d3 30. Rc1 d2 31. Rd1 Nxc5 32. Rxd2 e4 33. fxe4 Nxe4 34.
Re2 Nc3 35. Re7 b5 36. Rxa7 c5 37. Rb7 c4 38. Kh2 h5 39. Kg3 Kf8 40. Kf3 g4+ 41.
hxg4 hxg4+ 42. Kxg4 Nb1 43. Rxb5 c3 44. Rxb1 Kf7 45. a4 Ke6 46. Rc1 Ke5 47. Rxc3
Kd4 48. Rc7 Ke3 49. Rd7 Kf2 50. Kh3 Ke2 51. g4 Kf3 52. a5 Kf4 53. a6 Ke5 54. a7
Kf6 55. a8=R Ke6 56. Raa7 Ke5 57. g5 Kf5 58. Kh4 1-0

[Event "NOVEMBER"]
[Site "http://www.queenalice.com/game.php?id=1313929"]
[Date "2014.10.10"]
[Round "-"]
[White "rogeriooliveira"]
[Black "brunosilva_"]
[Result "0-1"]
[WhiteElo "1306"]
[BlackElo "1444"]

1. e4 e5 2. Nf3 Nc6 3. Nc3 d6 4. Bb5 a6 5. Bxc6+ bxc6 6. O-O Nf6 7. d3 d5 8.
exd5 cxd5 9. Na4 Bd6 10. Bg5 h6 11. Bxf6 Qxf6 12. Nc3 d4 13. Na4 O-O 14. Re1 Bg4
15. Re2 Qg6 16. Qe1 Bxf3 17. Qf1 Bxe2 18. Qxe2 Rab8 19. Re1 Rb4 20. Nc3 dxc3 21.
bxc3 Rg4 22. g3 Re8 23. f3 Ra4 24. Ra1 Bc5+ 25. Kf1 f5 26. f4 exf4 27. Qg2 Qe6
28. gxf4 Rxa2 29. Rxa2 Qe1# 0-1

[Event "NOVEMBER II"]
[Site "http://www.queenalice.com/game.php?id=1313930"]
[Date "2014.10.10"]
[Round "-"]
[White "rogeriooliveira"]
[Black "brunosilva_"]
[Result "0-1"]
[WhiteElo "1300"]
[BlackElo "1432"]

1. e4 e5 2. Nf3 Nc6 3. Nc3 Nf6 4. Bb5 a6 5. Bxc6 bxc6 6. O-O Bc5 7. d3 d6 8. Bg5
h6 9. Bxf6 Qxf6 10. Re1 O-O 11. Re2 Bg4 12. h3 Bxf3 13. gxf3 Qxf3 14. Qf1 Rab8
15. b3 d5 16. exd5 cxd5 17. Na4 Bd4 18. Rd1 Rfe8 19. Rdd2 Re6 20. Kh2 Rg6 21.
Nb2 Bxb2 22. Re3 Qf4+ 23. Kh1 Rf6 24. Ree2 e4 25. dxe4 Qf3+ 26. Kg1 Rg6+ 27. Kh2
Be5# 0-1

[Event "NOVEMBER V"]
[Site "http://www.queenalice.com/game.php?id=1313933"]
[Date "2014.10.10"]
[Round "-"]
[White "rogeriooliveira"]
[Black "brunosilva_"]
[Result "0-1"]
[WhiteElo "1342"]
[BlackElo "1450"]

1. e4 e5 2. Nf3 Nc6 3. Nc3 Bb4 4. Bb5 a6 5. Bxc6 Bxc3 6. dxc3 dxc6 7. O-O Bg4 8.
h3 Bxf3 9. Qxf3 Nf6 10. Bg5 h6 11. Bxf6 Qxf6 12. Qxf6 gxf6 13. Rad1 O-O 14. Rd2
Rad8 15. Rxd8 Rxd8 16. f3 Rd2 17. Rc1 b5 18. b4 Re2 19. a3 Kg7 20. Ra1 Rxc2 21.
Kf1 Rxc3 22. a4 Rc4 23. axb5 axb5 24. Rb1 c5 25. bxc5 Rxc5 26. g3 Kg6 27. g4 c6
28. Ke2 Kg5 29. Rh1 Kf4 30. Rf1 b4 31. Rb1 Rc2+ 32. Kd3 Rc3+ 33. Kd2 c5 34. h4
Kxf3 35. g5 fxg5 36. hxg5 hxg5 37. Ke1 Kxe4 38. Kf1 Kf3 39. Kg1 Kg3 40. Kf1 f6
41. Ke1 Rc2 42. Kd1 Rh2 43. Ra1 Rh1+ 44. Kc2 Rxa1 45. Kb3 Rc1 46. Kb2 Rc3 47.
Kb1 e4 48. Kb2 e3 49. Kb1 e2 50. Kb2 e1=Q 51. Ka2 Qd2+ 52. Ka1 Rc1# 0-1

[Event "SANDALO XIII"]
[Site "http://www.queenalice.com/game.php?id=1321263"]
[Date "2014.11.9"]
[Round "-"]
[White "rogeriooliveira"]
[Black "brunosilva_"]
[Result "0-1"]
[WhiteElo "1208"]
[BlackElo "1439"]

1. e4 e5 2. Nf3 Nc6 3. Nc3 Bc5 4. Qe2 Nf6 5. d3 O-O 6. Bg5 h6 7. Bxf6 Qxf6 8.
O-O-O d6 9. Rd2 Bg4 10. h3 Bxf3 11. Qxf3 Qxf3 12. gxf3 Nd4 13. Be2 Bb4 14. Rhd1
a5 15. Rg1 g5 0-1

[Event "Challenge"]
[Site "http://www.queenalice.com/game.php?id=1321634"]
[Date "2014.11.11"]
[Round "-"]
[White "brunosilva_"]
[Black "vanderlan"]
[Result "1-0"]
[WhiteElo "1395"]
[BlackElo "1845"]

1. e4 e5 2. Nf3 Nc6 3. Bc4 Nf6 4. d3 Bc5 5. Nc3 d6 6. O-O Bg4 7. h3 h5 8. hxg4
hxg4 9. Nh2 g3 10. Ng4 Nxg4 11. Qxg4 gxf2+ 12. Rxf2 Qf6 13. Nd1 Rh4 14. Bg5 Rxg4
15. Bxf6 gxf6 16. Kf1 Bxf2 17. Nxf2 Rh4 18. g3 Rh7 19. Kg2 Ke7 20. b3 a6 21. Bd5
Rah8 22. Rf1 Nd4 23. Ng4 Nxc2 24. Rxf6 Ne3+ 25. Nxe3 Kxf6 26. Ng4+ Kg5 27. Kf3
c6 28. Bc4 b5 29. Bxb5 cxb5 30. Nf2 f5 31. a3 Rf8 32. Kg2 f4 33. gxf4+ 1-0

[Event "BOEING 747 JUMBO IV"]
[Site "http://www.queenalice.com/game.php?id=1325686"]
[Date "2014.12.2"]
[Round "-"]
[White "rogeriooliveira"]
[Black "brunosilva_"]
[Result "0-1"]
[WhiteElo "1208"]
[BlackElo "1430"]

1. e4 e5 2. Nf3 Nc6 3. Nc3 Bc5 4. d3 Nf6 5. Be2 O-O 6. O-O d6 7. Ng5 h6 8. Nf3
Bg4 9. Be3 Bxe3 10. fxe3 h5 11. Qd2 b6 12. Rad1 Nb4 13. Ra1 Qd7 14. a3 Nc6 15.
Rad1 a5 0-1

[Event "Quem é pior?"]
[Site "http://www.queenalice.com/game.php?id=1326379"]
[Date "2014.12.6"]
[Round "-"]
[White "brunosilva_"]
[Black "RbSoft"]
[Result "0-1"]
[WhiteElo "1427"]
[BlackElo "1383"]

1. e4 Nc6 2. Bc4 Ne5 3. d3 d6 4. Be3 Ng4 5. Qe2 N8f6 6. h3 Ne5 7. Nf3 g6 8. O-O
Nxf3+ 9. Qxf3 Bg7 10. Nc3 O-O 11. Rae1 c6 12. b3 Qa5 13. Bd4 b5 14. e5 dxe5 15.
Rxe5 Qd8 16. Nxb5 cxb5 17. Qxa8 Qxd4 18. Rfe1 bxc4 19. Rxe7 Bxh3 20. Qxa7 Qg4
21. g3 Qf3 22. Qb7 Nd5 0-1

[Event "Challenge"]
[Site "http://www.queenalice.com/game.php?id=1334700"]
[Date "2015.1.13"]
[Round "-"]
[White "stephane8cr"]
[Black "brunosilva_"]
[Result "1-0"]
[WhiteElo "1716"]
[BlackElo "1432"]

1. e4 e5 2. Nf3 Nc6 3. Bb5 Nf6 4. O-O Nxe4 5. d4 exd4 6. Re1 f5 7. Nbd2 Bb4 8.
a3 Bxd2 9. Nxd2 a6 10. Bxc6 dxc6 11. Nxe4 fxe4 12. Qh5+ g6 13. Qe5+ Kf7 14. Bh6
Qf6 15. Qxc7+ Qe7 16. Qxe7+ Kxe7 17. Rxe4+ Be6 18. Rae1 Kd7 19. Rxe6 Rhe8 20.
Rxe8 Rxe8 21. Kf1 Rxe1+ 22. Kxe1 Ke6 23. g4 Ke5 24. Ke2 b5 25. b4 Kd5 26. Bf8
Ke4 27. f3+ Kd5 28. Kd3 h5 29. h4 hxg4 30. fxg4 Ke5 31. h5 gxh5 32. Bg7+ Ke6 33.
gxh5 Kf7 34. h6 Kg8 35. Kxd4 1-0

[Event "DOUGLAS IV"]
[Site "http://www.queenalice.com/game.php?id=1337506"]
[Date "2015.1.27"]
[Round "-"]
[White "rogeriooliveira"]
[Black "brunosilva_"]
[Result "0-1"]
[WhiteElo "1364"]
[BlackElo "1437"]

1. e4 e5 2. Nf3 Nc6 3. Nc3 Nf6 4. Bb5 a6 5. Bxc6 bxc6 6. O-O Bd6 7. Qe2 a5 8.
Re1 O-O 9. d3 Rb8 10. Bg5 Rxb2 11. Bxf6 Qxf6 12. a4 Ba6 13. Rac1 Rfb8 14. Rb1
Ba3 15. Rxb2 Rxb2 16. Qd1 Bb4 17. Re2 Bxc3 18. Re3 Ra2 19. Qb1 Ra1 20. Qxa1 Bxa1
21. Re1 Bc3 22. Rd1 c5 23. Nd2 Bd4 24. Rf1 d6 25. Nf3 h6 26. Re1 g5 27. Nd2
Qxf2+ 28. Kh1 Qxe1+ 29. Nf1 Qxf1# 0-1

[Event "É justo: a revanche"]
[Site "http://www.queenalice.com/game.php?id=1357425"]
[Date "2015.5.4"]
[Round "-"]
[White "RbSoft"]
[Black "brunosilva_"]
[Result "1-0"]
[WhiteElo "1420"]
[BlackElo "1455"]

1. e4 e5 2. Nf3 Nc6 3. Bb5 Bc5 4. O-O Nf6 5. c3 O-O 6. d4 exd4 7. cxd4 a6 8.
Bxc6 dxc6 9. dxc5 Qxd1 10. Rxd1 Nxe4 11. Be3 Be6 12. Nc3 f5 13. Ng5 Nxg5 14.
Bxg5 h6 15. Bf4 Rac8 16. Re1 Bc4 17. Re7 Rf7 18. Re5 g5 19. b3 Bd3 20. Rd1 Rd7
21. Re3 Rcd8 22. Bxc7 Rxc7 23. Rexd3 Re8 24. Kf1 Rce7 25. Rd7 Re5 26. b4 Rb8 27.
R1d6 Rbe8 28. Rg6+ Kf8 29. Rf6+ Kg8 30. g3 h5 31. Rg6+ Kf8 32. Rxg5 h4 33. Rgg7
R8e7 34. Rgxe7 Rxe7 35. Rxe7 Kxe7 36. gxh4 Kf6 37. f4 Kg6 38. Kf2 Kh5 39. Kg3
Kh6 40. Ne2 Kh5 41. Nd4 Kg6 42. Ne6 Kf6 43. Nd8 Kg6 44. Nxb7 Kf6 45. Na5 Ke6 46.
Nxc6 Kd5 47. Nb8 a5 48. bxa5 Kxc5 49. h5 Kb5 50. h6 Kxa5 51. h7 Ka4 52. h8=Q Ka3
53. Qc3+ Kxa2 54. Na6 Kb1 55. Nc5 Ka2 56. Qc2+ Ka1 57. Nb3# 1-0

[Event "Challenge"]
[Site "http://www.queenalice.com/game.php?id=1358291"]
[Date "2015.5.8"]
[Round "-"]
[White "ticovi1970"]
[Black "brunosilva_"]
[Result "1-0"]
[WhiteElo "1524"]
[BlackElo "1447"]

1. e4 e5 2. Nf3 Nc6 3. Bb5 Bc5 4. Bxc6 dxc6 5. d3 Qf6 6. Bg5 Qg6 7. Qd2 Nf6 8.
Nxe5 Qh5 9. h4 Ng4 10. Nxg4 Qxg4 11. f3 Qg3+ 12. Kf1 O-O 13. Bf4 Qg6 14. Bxc7
Be6 15. h5 Qh6 16. Bf4 Qf6 17. e5 Qd8 18. Nc3 Qd4 19. Re1 a6 20. Re4 Qb4 21.
Rxb4 1-0

[Event "Challenge"]
[Site "http://www.queenalice.com/game.php?id=1365943"]
[Date "2015.6.17"]
[Round "-"]
[White "dourado86"]
[Black "brunosilva_"]
[Result "0-1"]
[WhiteElo "1396"]
[BlackElo "1462"]

1. e4 e5 2. d4 exd4 3. Qxd4 Nc6 4. Qd1 Nf6 5. Nc3 Bb4 6. Nf3 Nxe4 7. Be3 Nxc3 8.
bxc3 Bxc3+ 9. Bd2 Qe7+ 10. Qe2 Bxd2+ 11. Nxd2 Qxe2+ 12. Bxe2 Nd4 13. Bd3 Nxc2+
14. Bxc2 O-O 15. O-O Re8 16. Rac1 c6 17. Bb3 d5 18. Nf3 Bf5 19. Nd4 Bd3 20. Rfd1
Be4 21. Bc2 c5 22. Nb5 Bxc2 23. Rxc2 c4 24. Nc7 Rac8 25. Nxe8 Rxe8 26. g3 Rd8
27. Re1 Kf8 28. Rd1 b5 29. Rcd2 c3 30. Rxd5 Rxd5 31. Rxd5 b4 32. Rc5 a6 33. a3
a5 34. a4 Ke7 35. Kf1 Kd6 36. Rc8 Kd5 37. Ke1 Kd4 38. Kd1 Kd3 39. Rd8+ Kc4 40.
Rc8+ Kd3 41. Kc1 b3 42. Rd8+ Kc4 43. Rb8 b2+ 44. Kb1 Kd3 45. Rc8 Kd2 46. Rd8+
Ke2 47. Rd7 g6 0-1

[Event "Challenge"]
[Site "http://www.queenalice.com/game.php?id=1395895"]
[Date "2015.11.25"]
[Round "-"]
[White "brunosilva_"]
[Black "vanderlan"]
[Result "0-1"]
[WhiteElo "1475"]
[BlackElo "1827"]

1. e4 e5 2. Nf3 Nc6 3. Bc4 Nf6 4. Nc3 d6 5. O-O Bg4 6. h3 Bh5 7. g4 Bg6 8. d3
Qd7 9. g5 Qxh3 10. gxf6 gxf6 11. Nd5 Be7 12. Nxe7 Kxe7 13. Re1 Rag8 14. Ng5 Bh5
15. f3 Bxf3 16. Re2 Qh1+ 0-1